Biology and medical theory / Peter Takacs. (Record no. 22629)

000 -LEADER
fixed length control field 01622nam a22001937a 4500
020 ## - INTERNATIONAL STANDARD BOOK NUMBER
ISBN 9781009768016
022 ## - INTERNATIONAL STANDARD SERIAL NUMBER
ISSN 25151126
082 ## - DEWEY DECIMAL CLASSIFICATION NUMBER
Classification number 610.1
Item number T136 2025
100 ## - MAIN ENTRY--AUTHOR NAME
Personal name Takacs, Peter, author.
245 ## - TITLE STATEMENT
Title Biology and medical theory / Peter Takacs.
260 ## - PUBLICATION, DISTRIBUTION, ETC. (IMPRINT)
Name of publisher Cambridge University Press,
Year of publication 2025.
Place of publication Cambridge, United Kingdom.
300 ## - PHYSICAL DESCRIPTION
Number of Pages 1 online resource (85 pages)
490 ## - SERIES STATEMENT
Series statement Cambridge elements : elements in the philosophy of biology.
500 ## - GENERAL NOTE
General note Includes bibliographical references.
520 ## - SUMMARY, ETC.
Summary, etc The philosophy of medicine has long been concerned with the status of diseases and disorders. Are such states genuinely pathological in an objective, mind-independent sense or merely value-laden social constructs? The prevailing dialectic in this area accordingly pits normative views against non-normative, naalternative turalistic positions. Hybrid accounts represent a better to these needlessly extreme 'purist' views. Hybrid accounts maintain that objective criteria for health and disease can exist independently and harmoniously alongside of normative considerations. Hybrid accounts to date have nevertheless failed to convince many. The failure is due largely to their reliance on inadequate notions of biological dysfunction. This Element attempts to redress this situation by sketching the outlines of a more sophisticated dysfunction condition. Drawing on recent advances in evolutionary medicine, the author examines the strengths and remaining weaknesses of a correspondingly revamped hybrid account of disease.
650 ## - SUBJECT ADDED ENTRY--TOPICAL TERM
Topical Term Medicine--Philosophy.
650 ## - SUBJECT ADDED ENTRY--TOPICAL TERM
Topical Term Biology.
942 ## - ADDED ENTRY ELEMENTS (KOHA)
Koha item type Electronic Books
Holdings
Source of acquisition Permanent Location Date acquired Collection code Koha item type Lost status Shelving location Withdrawn status Current Location Full call number
DonationCagayan State University - Carig Library2026-04-16E-BooksElectronic Books E-Resource Section Cagayan State University - Carig Library610.1 T136 2025

Cagayan State University University Library, Carig Campus
Tuguegarao City, Cagayan 3500 | www.csucarig.edu.ph

Powered by Koha